Nástroj na podporu rastu firmy

Ekonomický koncept franchisingu. Franchisingový boom. Výhody pre poskytovateľa (franchisora). Výhody pre prijímateľa (franchisistu). Výhody pre spotrebiteľa. Povinnosti poskytovateľa franchisingu. Povinnosti prijímateľa franchisingu.

Salvato in:
Dettagli Bibliografici
Autore principale: Theodoulides, Lenka
Natura: Capitolo di libro
Lingua:slovacco
Soggetti:
Tags: Aggiungi Tag
Nessun Tag, puoi essere il primo ad aggiungerne!!

MARC

LEADER 00000naa a2200000 4500
001 r040354
005 20230920071731.7
041 0 |a slo 
044 |a SK 
245 1 0 |a Nástroj na podporu rastu firmy  |c Lena Theodoulidesová 
520 |a Ekonomický koncept franchisingu. Franchisingový boom. Výhody pre poskytovateľa (franchisora). Výhody pre prijímateľa (franchisistu). Výhody pre spotrebiteľa. Povinnosti poskytovateľa franchisingu. Povinnosti prijímateľa franchisingu. 
610 2 0 |a franchising 
610 2 0 |a podnikanie 
610 2 0 |a manažéri 
610 2 0 |a know-how 
610 2 0 |a služby obchodné 
610 2 0 |a kvalita 
610 2 0 |a identita podniková 
100 1 |a Theodoulides, Lenka